Statistics for World Map Reaction Test with 151 Countries

Click here to take the quiz!

General Stats

  • This quiz has been taken 2,120 times
  • The average score is 33 of 151

Answers on the Map

Answers color-coded by a green-red scale on the quiz's map according to % correct below.
Loading ...
 

Answer Stats

Country% Correct
GO!
100%
Turkey
92%
Algeria
90%
South Korea
85%
Benin
80%
Uruguay
80%
Malaysia
80%
Saudi Arabia
79%
Italy
79%
Belgium
79%
Denmark
79%
Vietnam
79%
Romania
78%
Colombia
78%
Burkina Faso
77%
Mongolia
77%
Iran
77%
Dominican Republic
76%
Gabon
74%
Panama
66%
Djibouti
36%
United Kingdom
35%
United States
35%
Chile
35%
Syria
35%
Bosnia and
Herzegovina
34%
Iraq
34%
Sierra Leone
34%
Armenia
32%
Lesotho
31%
Moldova
31%
Uganda
31%
Mali
31%
Ecuador
31%
Eritrea
30%
Angola
30%
Bangladesh
29%
Egypt
29%
Yemen
29%
Azerbaijan
29%
Cameroon
29%
Taiwan
25%
Morocco
25%
Serbia
25%
Oman
25%
Costa Rica
24%
Guatemala
24%
Burundi
23%
Central African Republic
22%
Zambia
22%
Laos
22%
Sweden
21%
Georgia
21%
Portugal
20%
Madagascar
20%
Equatorial Guinea
19%
Afghanistan
18%
Bhutan
18%
Croatia
16%
Namibia
16%
Iceland
16%
Sri Lanka
14%
United Arab Emirates
14%
Tanzania
13%
Pakistan
13%
Spain
13%
Zimbabwe
13%
El Salvador
12%
Slovenia
12%
Paraguay
12%
New Zealand
11%
Rwanda
11%
Bulgaria
10%
Japan
10%
Turkmenistan
9%
South Africa
9%
Democratic Republic
of the Congo
9%
Kenya
9%
Cote d'Ivoire
9%
Ireland
9%
Ethiopia
9%
Finland
9%
Nepal
9%
Argentina
9%
Lithuania
9%
Malawi
9%
Venezuela
9%
Guinea
8%
Poland
7%
Norway
7%
Republic of the Congo
7%
Tajikistan
7%
Peru
7%
Mexico
7%
Guyana
7%
Nigeria
7%
Australia
7%
Ukraine
7%
Belarus
7%
Botswana
7%
Albania
7%
Ghana
7%
Uzbekistan
6%
Brazil
6%
Sudan
6%
Libya
6%
Bolivia
6%
Estonia
6%
Hungary
6%
Solomon Islands
6%
Thailand
6%
North Korea
6%
Nicaragua
6%
Papua New Guinea
6%
Kazakhstan
6%
Netherlands
6%
Greece
6%
Russia
5%
Chad
5%
India
5%
Switzerland
5%
Burma
5%
Kyrgyzstan
5%
Latvia
5%
Jordan
5%
Mozambique
4%
Macedonia
4%
Czech Republic
4%
Austria
4%
Slovakia
4%
Cuba
4%
Belize
3%
China
3%
Haiti
3%
France
3%
Germany
3%
Niger
3%
Togo
2%
Tunisia
2%
Canada
2%
Suriname
2%
Philippines
2%
Mauritania
2%
Israel
2%
South Sudan
2%
Honduras
2%
Guinea-Bissau
2%
Cambodia
2%
Liberia
1%
Indonesia
1%
Senegal
1%

Score Distribution

Percentile by Number Answered

Percent of People with Each Score

Your Score History

You have not taken this quiz